000 01075nam a22003017a 4500
999 _c64240
_d64240
005 20240530110721.0
008 180326s2016 ua g 001 0dara d
017 _a2014/2105
_bمصر. دار الكتب
020 _a9789777189231
040 _aEG-CaGPL
_cEG-CaGPL
082 0 4 _221
_a338.542 /
_bل ن
100 1 _aلونشتاين، روجر
245 1 0 _aنهاية وول ستريت /
_cتاليف روجر لونشتاين ؛ ترجمة محمد حرفوش
250 _aط.1
260 _aالقاهرة :
_bالمركز القومى للترجمة ،
_c2016.
300 _a454 ص. ؛
_c24 سم.
490 _aالمركز القومى للترجمة ؛
_v2579.
600 0 _aوول ستريت
650 0 7 _2qrmak
_aالبرورصات
650 0 7 _2qrmak
_aالركود الكبير
650 0 7 _2qrmak
_aالبنوك
650 0 7 _2qrmak
_aالارباح والفوائد
650 0 7 _2qrmak
_aالاستثمار
651 _2qrmak
700 0 _aمحمد حرفوش
_eمترجم
942 _2ddc
_cBK